000 07078namaa22004331i 4500
003 EG-GICUC
005 20260427211108.0
008 260427s2025 ua a|||frm||| 000 0 eng d
040 _aEG-GICUC
_beng
_cEG-GICUC
_dEG-GICUC
_erda
041 0 _aeng
_beng
_bara
049 _aDeposit
082 0 4 _a617.522
092 _a617.522
_221
097 _aM.Sc
099 _aCai01.09.13.M.Sc.2025.Mi.R
100 0 _aMina ElHadidi Sobhi Ramzi,
_epreparation.
245 1 0 _aRadiographic assessment of computer guided modified ridge splitting technique versus conventional free hand technique in management of horizontal difficiency in posterior mandible :
_ba randomized control clinical trial /
_cby Mina ElHadidi Sobhi Ramzi ; Supervision Dr. Mohamed Mounir Shaker, Dr. Rofaida Atef Abaas.
246 1 5 _aالتقييم الشعاعي للتطعيم العظمي الافقى وتثبيته بالجزء الخلفى من الفك السفلى باستخدام التطعيم العظمي الجانبى بالقشرة العظمية المعدلة الموجهة بالكمبيوتر مقارنه بالتطعيم العظمي الجانبى الحر للقشرة العظمية المعدلة يدويا:
_b التجربه السريريه العشوائيه
264 0 _c2025.
300 _a149 pages :
_billustrations ;
_c25 cm. +
_eCD.
336 _atext
_2rda content
337 _aUnmediated
_2rdamedia
338 _avolume
_2rdacarrier
502 _aThesis (M.Sc)-Cairo University, 2025.
504 _aBibliography: pages 134-147.
520 3 _aPurpose: The aim of this study is radiographic assessment of computer guided modified ridge splitting technique versus conventional free hand technique in management of horizontal difficiency in posterior mandible: a randomized control clinical trial. Methods: In this randomized controlled clinical trial, 18 patients with horizontally deficient posterior mandibular ridges were enrolled into the study and divided into two groups each group consisted of 9 patients . The first group ( study group ) , was augmented using guided modified ridge splitting grafting procedure, and the other group ( control group ) was augmented using conventional free hand modified ridge splitting grafting technique. This was followed by the radiographic superimposition of the preoperative CBCT scan with the immediate postoperative CBCT scan for each patient to the test for the accuracy of each technique. Results: The accuracy of the fixation guide was estimated by calculating the mean value of planned horizontal bone gain of the guided group (4.24 ±1.78) mm compared to the mean value of the actual immediate postoperative bone gain (4.5±1.5) mm, and the difference was not statistically significant (p=0.75). Conclusion: The use of patient specific surgical guide for the harvesting and fixation of the modified cortical shell in the horizontally deficient posterior mandible offered more accurate results than the freehand harvested and fixed modified cortical shell technique.
520 3 _aتعتبر عملية تكبير العظام الأفقية في الفك السفلي الخلفي من الإجراءات الصعبة للغاية، وذلك بسبب ضعف إمدادات الدم، وصعوبة الوصول إلى المنطقة، بالإضافة إلى محدودية تغطية الأنسجة الرخوة. وعلى الرغم من أن تطعيم العظام الذاتية هو أحد التقنيات الشائعة لتكبير النتوءات السنخية، إلا أنه يتطلب مهارات جراحية متخصصة، ووقتًا طويلاً أثناء العملية، إضافة إلى نقص التوجيه التشريحي عند تثبيت كتلة العظم، خاصة أثناء حفر البراغي الصغيرة، مما يعرض الهياكل الحيوية المجاورة للخطر. كما أن هناك خطرًا من وضع وتثبيت الكتلة العظمية بشكل غير دقيق، مما قد يؤدي إلى فشل عملية تطعيم العظام . كان هدف هذه الدراسة هو تقييم الكسب العظمي الافقي النهائي في الفك السفلي الخلفي ذو العجز الأفقى باستخدام البطانة الموجهة بالكمبيوتر مقارنة بتقنية التثبيت الحر باليد . تضمنت الدراسة 9 مرضى يعانون من فقدان عدة أسنان في الفك السفلي الخلفي مع حواف سنخية أفقية ناقصة على الجانبين. تم تكبير نصف الحواف السنخية باستخدام دليل جراحي مخصص للمريض، تم طباعته بتقنية ثلاثية الأبعاد لتثبيت العظم الذاتي المنشأ، بينما تم تكبير النصف الآخر باستخدام تقنية التثبيت الحر باليد مع دليل قطع مطبوع ثلاثي الأبعاد لحصاد كتل العظام في كلا المجموعتين . كان التئام الجروح طبيعيًا لدى جميع المرضى باستثناء مريض واحد عانى من التهاب في الجرح على جانب التحكم، وآخر عانى من تنميل في نفس الجانب، وقد زال التنميل بعد 4 أشهر. تم إجراء تصوير مقطعي محوسب (CBCT) بعد 4 أشهر من العملية لجميع المرضى، وأظهرت النتائج أن متوسط الكسب العظمي الأفقي بلغ (4.93±0.64) ملم، وهو أعلى بشكل إحصائي ملحوظ من متوسط الكسب في المجموعة الضابطة والذي بلغ (4.46±0.67) ملم . ضمن حدود هذه الدراسة، فإن استخدام دليل جراحي مخصص للمريض مطبوع بتقنية ثلاثية الأبعاد لحصاد وتثبيت العظام الذاتية في تكبير الحافة السنخية الأفقية للفك السفلي أدى إلى كسب عظمي أفقي أكبر مقارنة بتقنية التثبيت اليدوي، مع تقليل المضاعفات ما بعد الجراحة. وبالتالي، يعتبر هذا الأسلوب أكثر أمانًا ودقة ويوفر الوقت
530 _aIssues also as CD.
546 _aText in English and abstract in Arabic & English.
650 0 _aOral and Maxillofacial Surgery
650 0 _aجراحه الفم والوجه والفكين
653 1 _aAlveolar ridge deficiency
_ahorizontal augmentation
_amodified ridge splitting
_acomputer-guided bone augmentation
_aaccuracy
700 0 _aMohamed Mounir Shaker
_ethesis advisor.
700 0 _aRofaida Atef Abaas
_ethesis advisor.
900 _b01-01-2025
_cMohamed Mounir Shaker
_cRofaida Atef Abaas
_dMohammed Atef
_dAmr Hanafy Gibaly
_UCairo University
_FFaculty of Dentistry
_DDepartment of Oral and Maxillofacial Surgery
905 _aShimaa
942 _2ddc
_cTH
_e21
_n0
999 _c179776